Statistics for Largest Cities in Nigeria

Click here to take the quiz!

General Stats

  • This quiz has been taken 32 times
  • The average score is 6 of 11

Answer Stats

Population City % Correct
8,048,430Lagos
100%
2,828,861Kano
89%
776,298Abuja
89%
2,559,853Ibadan
79%
1,005,904Port Harcourt
63%
1,147,188Benin City
53%
760,084Kaduna
53%
821,618Jos
26%
777,667Ilorin
26%
695,089Zaria
26%
722,664Enugu
16%

Score Distribution

Percentile by Number Answered

Percent of People with Each Score

Your Score History

You have not taken this quiz